| 000 | 01182nam0a2200325 i 4500 | ||
|---|---|---|---|
| 001 | RU\NLR\bibl\1945499 | ||
| 005 | 20241115065848.0 | ||
| 010 |
_a9785861815147 _91000 |
||
| 021 |
_aRU _b2012-61848 _94533 |
||
| 035 | _a(NLR Aleph) 001934729 | ||
| 090 |
_a3484051 _c3484051 |
||
| 100 | _a20120917d2012 u y0rusy50 ca | ||
| 101 | 0 | _arus | |
| 102 | _aRU | ||
| 105 | _aa ||||||||| | ||
| 200 | 1 |
_aДух, душа и тело. Путь спасения человека _fАндрей Блинков |
|
| 210 |
_aМосква _cТриада _d2012 |
||
| 215 |
_a173 с. _cил. _d20 |
||
| 300 | _aНа 4-й с. обл. авт.: Блинков А.Е., д-р христиан. служения, пастор церкви "Святой Троицы" | ||
| 517 | 0 | _aПуть спасения человека | |
| 606 |
_aЕвангелизация _92082319 _3RU\NLR\auth\661258340 |
||
| 686 | _aЭ376-39(2) | ||
| 700 | 1 |
_aБлинков _bА. Е. _gАндрей Евгеньевич _4070 |
|
| 801 | 0 |
_aRU _bNLR _c20120917 _gRCR |
|
| 801 | 1 |
_aRU _bNLR _c20120917 |
|
| 830 | _aавт. по кн. | ||
| 942 | _cBOOK | ||
| 980 | _aNBR | ||